Centros logísticos: planificación, promoción y gestión de los centros de actividades logísticas (Registro nro. 7355)

Detalles MARC
000 -Cabecera
Campo de control de longitud fija 01199nam a22003977a 4500
005 - Fecha y hora de la última transacción
Campo de control 20251112102359.0
008 - Elementos de longitud fija--Información general
Campo de control de longitud fija 160113b2013 xxu||||| |||| 00| 0 spa d
020 ## - International Standard Book Number
Número Internacional Estándar del Libro (ISBN) 9786077079897
041 ## - Idioma
Código de idioma Español
082 ## - Clasificación Decimal Dewey
Número de clasificación 658.5 R141c
100 ## - Entrada principal--Autor personal
Nombre personal Ragás Prat, Ignasi
9 (RLIN) 752
245 ## - Título propiamente dicho
Título Centros logísticos: planificación, promoción y gestión de los centros de actividades logísticas
250 ## - Edición
Mención de edición 2 edición
260 ## - Pie de imprenta
Lugar de publicación, distribución, etc. México
260 ## - Pie de imprenta
Nombre del editor, distribuidor, etc. Alfaomega
260 ## - Pie de imprenta
Fecha de publicación, distribución, etc. 2014
300 ## - Descripción física
Extensión 261 páginas
490 ## - Serie
Título de la Serie Dirección y Administración de Empresas
490 ## - Serie
Título de la Serie Secretariado Ejecutivo
650 ## - Materia general
Temática (materia general) GERENCIA PRODUCCIÓN
650 ## - Materia general
Temática (materia general) DESARROLLO DE LA LOGÍSTICA
650 ## - Materia general
Temática (materia general) LOGÍSTICA
650 ## - Materia general
Temática (materia general) ADMINISTRACIÓN DE EMPRESAS
650 ## - Materia general
Temática (materia general) CENTROS DE ACTIVIDADES LOGÍSTICOS
650 ## - Materia general
Temática (materia general) COMERCIALIZACIÓN DE CENTROS LOGÍSTICOS
650 ## - Materia general
Temática (materia general) ASPECTOS ECONOMICOS-FINANCIEROS
650 ## - Materia general
Temática (materia general) VENTAJAS Y OPORTUNIDADES PARA LAS EMPRESAS
650 ## - Materia general
Temática (materia general) RESIDUOS
650 ## - Materia general
Temática (materia general) CONTAMINACIÓN ATMOSFERICA
650 ## - Materia general
Temática (materia general) MANTENIMIENTO
650 ## - Materia general
Temática (materia general) CONSTRUCCIONES
650 ## - Materia general
Temática (materia general) USO DE SUELOS
650 ## - Materia general
Temática (materia general) CARRETERAS
650 ## - Materia general
Temática (materia general) TELEFONÍA
942 ## - Punto de acceso adicional KOHA
Tipo de ítem KOHA Libro
Fuente del sistema de clasificación o colocación Dewey Decimal Classification
Existencias
Signatura completa Código de barras Programa Académico Tipo de ítem
658.5 R141c 19641   Libro